| 000 | 00969cam a22002534a 4500 | ||
|---|---|---|---|
| 001 | 12723975 | ||
| 005 | 20250131181256.0 | ||
| 008 | 020329s2003 paua b 001 0 eng | ||
| 020 | _a9780781735117 | ||
| 050 | 0 | 0 |
_aRC76 _b.B38 2003 |
| 082 | 0 | 0 |
_a616.07/54 _221 |
| 100 | 1 | _aBickley, Lynn S. | |
| 245 | 1 | 0 |
_aBates' guide to physical examination and history taking. _cLynn S. Bickley. Peter G. Szilagyi. |
| 250 |
_a8th ed. / _bLynn S. Bickley. Peter G. Szilagyi. |
||
| 260 |
_aPhiladelphia : _bLippincott Williams & Wilkins, _cc2003. |
||
| 300 |
_axxiii, 862 p. : _bcol. ill. ; _c29 cm. + _e1 computer optical laser disc (4 3/4 in.) |
||
| 650 | 0 | _aPhysical diagnosis. | |
| 650 | 0 | _aMedical history taking. | |
| 650 | 1 | 2 |
_aPhysical Examination _xmethods. |
| 650 | 2 | 2 |
_aMedical History Taking _xmethods. |
| 700 | 1 | _aSzilagyi, Peter G. | |
| 856 | 4 | 2 |
_3Publisher description _uhttp://www.loc.gov/catdir/enhancements/fy0807/2002141573-d.html |
| 942 |
_2lcc _cBK _e8th ed. _n0 |
||
| 999 |
_c3315 _d3315 |
||